• 首页
  • 本馆介绍
  • 公告通知
  • 最新文献
  • 馆藏检索
  • 电子资源
  • 读者导购
  • 参考咨询
  • 我的图书馆
  • 登录
  • 详细信息显示
  • 放入我的书架
  • 预约/预借图书
  • 作者相关作品
  • 分类相关作品
  • 丛书相关作品
  • 出版社相关作品

书目信息

  • 表格格式
  • 工作单格式
  • 卡片格式
题名:
通代东北史
    
 
作者: 王魁喜 著
分册:  
出版信息: 哈尔滨   黑龙江人民出版社  1984.07
页数: 493页
开本: 19cm
丛书名:
单 册:
中图分类: K290.35
科图分类:
主题词: 中国--地方史 , 中国--地方志
电子资源:
ISBN:
000 00556nam0 2200205 45
001 0405171562
005 20040517150328.1
010    @dCNY
100    @a20040517d1984 km y0chiy0120 ea
101 0  @achi
105    @a z 000yy
200 1  @a通代东北史@ATong Dai Dong Bei Shi@f王魁喜等著@FWang Kui Xi Deng Zhu
210    @a哈尔滨@c黑龙江人民出版社@d1984.07
215    @a493页@d19cm
606 0  @a中国@x地方史
606 0  @a中国@x地方志
690    @aK290.35@v3
701  0 @a王魁喜@4著
801    @aCN@bPftUser@c20040517
905    @f3@b120665-667@dK290.35@e49
    
    通代东北史/王魁喜等著.-哈尔滨:黑龙江人民出版社,1984.07
    493页;19cm
    
    
    ISBN :CNY
    
●
相关链接 在E读中查询图书 在五车中查询图书 在当当中查询图书 在豆瓣中查询图书


正题名:通代东北史     索取号:K290.35/49         预约/预借

序号 登录号 条形码 馆藏地/架位号 状态 备注
1 0120665   000357875   第二样本阅览室/ [索取号:K290.35/49] 在馆    
2 0120666   000357857   密集书库/ [索取号:K290.35/49] 在馆    
3 0120667   000357866   第二借阅区/ [索取号:K290.35/49] 在馆    
4 0120668   001879024   密集书库/ [索取号:K290.35/49] 在馆    
5 0120669   001878980   密集书库/ [索取号:K290.35/49] 在馆    
唐山师范学院图书馆 欢迎您!
大连网信软件有限公司© 版权所有